000 00417 a2200169 4500
001 71354
020 _a8532202314
040 _cAnchieta - Colégio São Paulo
100 _aGarcia, Edson Gabriel
240 1 0 _aO tesouro perdido do gigante gigantesco
_lpor
245 1 0 _aO tesouro perdido do gigante gigantesco
300 _a48
362 0 _a1997
440 1 _aFTD
650 4 _aLiteratura infantil
942 _cBK
999 _c71354
_d71354